[Event "18th Asian-ch"]
[Site "New Delhi IND"]
[Date "2022.10.30"]
[Round "5.6"]
[White "Aravindh, Chithambaram"]
[Black "Atabaev, Saparmyrat"]
[Result "1/2-1/2"]
[WhiteElo "2625"]
[BlackElo "2433"]
[EventDate "2022.10.26"]
[PlyCount "103"]

1.d4 d5 2.c4 dxc4 3.Nf3 Nf6 4.e3 e6 5.Bxc4 a6 6.O-O c5 7.b3 b5 8.Be2 Bb7 
9.dxc5 Qxd1 10.Rxd1 Bxc5 11.a4 b4 12.Ne5 Nbd7 13.Nd3 Ne4 14.Bb2 Ke7 15.Bf3
f6 16.Nd2 Nd6 17.Rdc1 Rhc8 18.a5 Bxf3 19.gxf3 Rab8 20.Rc2 Rb5 21.Rac1 Rxa5
22.Ne4 Nxe4 23.fxe4 Rb5 24.Bd4 Kd6 25.Rd1 Ke7 26.Rdc1 Kd6 27.Rd1 Ke7 28.f4
e5 29.fxe5 fxe5 30.Bxc5+ Nxc5 31.Nxe5 a5 32.Nf3 Rb6 33.Nd4 Rg6+ 34.Kf1 a4 
35.Nf5+ Kf7 36.Nd6+ Rxd6 37.Rxd6 axb3 38.Rf2+ Ke7 39.Rd4 Na4 40.Rxb4 b2 
41.Kg2 Rc1 42.Rfxb2 Nxb2 43.Rxb2 Re1 44.Kf3 Rf1+ 45.Kg3 Ke6 46.Rb7 Rg1+ 
47.Kf3 Rf1+ 48.Kg2 Re1 49.Kf2 Rh1 50.Kg2 Re1 51.Kf2 Rh1 52.Kg2 1/2-1/2

[Event "18th Asian-ch"]
[Site "New Delhi IND"]
[Date "2022.10.30"]
[Round "5.7"]
[White "Adhiban, Baskaran"]
[Black "Sammed Jaykumar, Shete"]
[Result "1-0"]
[WhiteElo "2603"]
[BlackElo "2408"]
[EventDate "2022.10.26"]
[PlyCount "41"]

1.e4 c5 2.Nf3 d6 3.d4 cxd4 4.Nxd4 Nf6 5.Nc3 a6 6.Qd3 g6 7.Bg5 Bg7 8.O-O-O 
O-O 9.f4 h6 10.Bh4 Nbd7 11.Be2 Qc7 12.g4 e5 13.Nf5 gxf5 14.gxf5 exf4 15.
Rhg1 Kh7 16.Nd5 Nxd5 17.f6 Bxf6 18.exd5+ Kh8 19.Qf5 Bxb2+ 20.Kxb2 Qb6+ 21.
Ka1 1-0

[Event "18th Asian-ch"]
[Site "New Delhi IND"]
[Date "2022.10.30"]
[Round "5.8"]
[White "Sanket, Chakravarty"]
[Black "Vokhidov, Shamsiddin"]
[Result "0-1"]
[WhiteElo "2372"]
[BlackElo "2568"]
[EventDate "2022.10.26"]
[PlyCount "76"]

1.c4 e5 2.Nc3 Nf6 3.Nf3 Nc6 4.g3 Bb4 5.Nd5 Bc5 6.Bg2 d6 7.O-O O-O 8.e3 Bb6
9.a4 Be6 10.Ng5 Bd7 11.Qc2 g6 12.f4 Nxd5 13.cxd5 Nb4 14.Qb3 a5 15.Ne6 fxe6
16.dxe6 d5 17.exd7 Qxd7 18.d3 exf4 19.gxf4 Rae8 20.d4 g5 21.f5 c6 22.Bd2 
Qd6 23.Be1 Qe7 24.Bxb4 axb4 25.Rae1 g4 26.Qd3 Qh4 27.e4 Kh8 28.Re3 dxe4 
29.Rxe4 Rxe4 30.Qxe4 Qf6 31.Rf4 Rd8 32.Kh1 Bxd4 33.b3 Be5 34.Rf1 Rd4 35.
Qe3 Qd6 36.Be4 Rd1 37.Rxd1 Qxd1+ 38.Kg2 Bd4 0-1

[Event "18th Asian-ch"]
[Site "New Delhi IND"]
[Date "2022.10.30"]
[Round "5.9"]
[White "Viani, Antonio Dcunha"]
[Black "Puranik, Abhimanyu"]
[Result "1/2-1/2"]
[WhiteElo "2342"]
[BlackElo "2603"]
[EventDate "2022.10.26"]
[PlyCount "106"]

1.e4 c5 2.Nf3 e6 3.d4 cxd4 4.Nxd4 Nc6 5.Nc3 a6 6.Be3 Nf6 7.Nxc6 bxc6 8.e5 
Nd5 9.Nxd5 cxd5 10.Bd3 Qc7 11.Bd4 Bc5 12.Qg4 O-O 13.O-O Rb8 14.b3 a5 15.c4
dxc4 16.Rac1 Bxd4 17.Qxd4 Bb7 18.Rxc4 Qd8 19.Rd1 Bd5 20.Ra4 Qg5 21.Be4 Rb5
22.f4 Qh5 23.Qd3 Bc6 24.Rd4 g6 25.h3 Rc5 26.Kh2 Kg7 27.Rd2 Qh6 28.Qf3 Rc8 
29.Bxc6 dxc6 30.Rd6 Qh4 31.Qg3 Qxg3+ 32.Kxg3 g5 33.fxg5 Rxe5 34.h4 Rd5 35.
Rd7 a4 36.bxa4 Ra8 37.Rd4 Raa5 38.Kh3 Rac5 39.g3 Rc2 40.R4xd5 cxd5 41.a5 
Rxa2 42.Ra7 d4 43.Rd7 e5 44.Rd5 f6 45.Kg4 Kf7 46.Rd6 fxg5 47.hxg5 Ke7 48.
Rh6 e4 49.Rxh7+ Kf8 50.Rd7 e3 51.Rd8+ Kf7 52.Rd7+ Kf8 53.Rd8+ Kf7 1/2-1/2

[Event "18th Asian-ch"]
[Site "New Delhi IND"]
[Date "2022.10.30"]
[Round "5.10"]
[White "Zhumabaev, Rinat"]
[Black "Bilguun, Sumiya"]
[Result "1-0"]
[WhiteElo "2620"]
[BlackElo "2467"]
[EventDate "2022.10.26"]
[PlyCount "91"]

1.c4 e6 2.Nf3 d5 3.g3 dxc4 4.Bg2 Nf6 5.Qa4+ Nbd7 6.Qxc4 a6 7.Qc2 Bd6 8.O-O
O-O 9.d4 Re8 10.Nc3 e5 11.Rd1 Qe7 12.Bg5 exd4 13.Nxd4 Qf8 14.Nf5 Be5 15.
Rac1 Nb6 16.Ne3 c6 17.Qb3 Nbd7 18.Nc4 Bc7 19.Bf4 Bxf4 20.gxf4 Nc5 21.Qa3 
Ne6 22.Qd6 Rd8 23.Qxf8+ Rxf8 24.e3 Nc7 25.Nb6 Rb8 26.Nca4 Na8 27.Nxc8 
Rfxc8 28.Rd3 Nc7 29.Rb3 g6 30.Nc5 b6 31.Nd3 c5 32.Ne5 Ne6 33.Ra3 a5 34.Nc6
Rb7 35.Nxa5 Rd7 36.Nc4 Rcd8 37.Nxb6 Rd1+ 38.Rxd1 Rxd1+ 39.Bf1 Ne4 40.Nc4 
Rc1 41.Kg2 h5 42.Bd3 Nf6 43.Ra8+ Kg7 44.Ra7 h4 45.Ne5 h3+ 46.Kxh3 1-0

[Event "18th Asian-ch"]
[Site "New Delhi IND"]
[Date "2022.10.30"]
[Round "5.11"]
[White "Mitrabha, Guha"]
[Black "Pranav, V."]
[Result "0-1"]
[WhiteElo "2474"]
[BlackElo "2530"]
[EventDate "2022.10.26"]
[PlyCount "64"]

1.d4 Nf6 2.c4 e6 3.Nc3 Bb4 4.e3 O-O 5.Bd3 d5 6.a3 Bxc3+ 7.bxc3 dxc4 8.Bxc4
c5 9.Ne2 Qc7 10.Bd3 e5 11.e4 cxd4 12.cxd4 exd4 13.O-O Nc6 14.h3 Re8 15.Ng3
Ne5 16.Bb1 Be6 17.Qxd4 Bxh3 18.Bg5 Nfd7 19.Rc1 Qa5 20.Bd2 Qa6 21.f4 Qg6 
22.Qe3 Ng4 23.Qb3 Qd6 24.Qb4 Qf6 25.e5 Ndxe5 26.Ne4 Qh4 27.fxe5 Bxg2 28.
Kxg2 Qh2+ 29.Kf1 Rxe5 30.Ke1 Rd8 31.Qd4 Ree8 32.Qxa7 Qxd2+ 0-1

[Event "18th Asian-ch"]
[Site "New Delhi IND"]
[Date "2022.10.30"]
[Round "5.12"]
[White "Samant Aditya, S."]
[Black "Sankalp, Gupta"]
[Result "1/2-1/2"]
[WhiteElo "2467"]
[BlackElo "2502"]
[EventDate "2022.10.26"]
[PlyCount "131"]

1.e4 e5 2.Nf3 Nf6 3.Nxe5 d6 4.Nf3 Nxe4 5.d4 d5 6.Bd3 Bd6 7.O-O O-O 8.c4 c6
9.Re1 Re8 10.Qb3 Nd7 11.cxd5 cxd5 12.Nc3 Nxc3 13.Bg5 Be7 14.Bxe7 Rxe7 15.
Rxe7 Qxe7 16.Qxc3 Nf8 17.Rc1 Bg4 18.Ne5 Rc8 19.Qd2 Rxc1+ 20.Qxc1 Bh5 21.
Bf5 f6 22.Nd3 Bg6 23.Bxg6 hxg6 24.Qe3 Kf7 25.Qf3 Qe6 26.h4 b6 27.Kf1 Qf5 
28.Qxf5 gxf5 29.Nf4 g5 30.Nxd5 Ne6 31.Ke2 Nxd4+ 32.Kd3 Nc6 33.h5 Kg7 34.
Kc4 Ne5+ 35.Kb5 Nd3 36.Ka6 Nxf2 37.Kxa7 Nd1 38.b4 f4 39.Kxb6 Ne3 40.Kc5 
Nxg2 41.b5 f3 42.h6+ Kf7 43.h7 Kg7 44.Nxf6 f2 45.Nh5+ Kxh7 46.Ng3 Nf4 47.
b6 Ne6+ 48.Kd5 Nd8 49.a4 Nb7 50.Kc6 Na5+ 51.Kb5 Nb7 52.a5 g4 53.a6 Nd6+ 
54.Kc6 Nf5 55.b7 Nxg3 56.b8=Q f1=Q 57.Qc7+ Kg6 58.a7 Nf5 59.Qb6 Kh5 60.Kb7
Qf3+ 61.Kb8 Qf4+ 62.Qc7 Qb4+ 63.Qb7 Qf8+ 64.Qc8 Qb4+ 65.Qb7 Qf8+ 66.Qc8 
1/2-1/2

[Event "18th Asian-ch"]
[Site "New Delhi IND"]
[Date "2022.10.30"]
[Round "5.13"]
[White "Urazaev, Arystanbek"]
[Black "Pranav, Anand"]
[Result "1-0"]
[WhiteElo "2458"]
[BlackElo "2502"]
[EventDate "2022.10.26"]
[PlyCount "117"]

1.e4 e5 2.Nf3 Nc6 3.Nc3 Nf6 4.d4 exd4 5.Nxd4 Bb4 6.Nxc6 bxc6 7.Bd3 d5 8.
Bd2 O-O 9.O-O Rb8 10.Re1 Bg4 11.Qc1 Be6 12.a3 Be7 13.b4 Nd7 14.Rb1 Ne5 15.
exd5 Nxd3 16.cxd3 cxd5 17.Na4 Bd7 18.Nc5 Bf5 19.Bf4 Rb6 20.Qe3 Bd6 21.Bxd6
Qxd6 22.Qd4 Bg6 23.Re5 c6 24.Rbe1 Rbb8 25.Re7 Bf5 26.g4 Qg6 27.h3 h5 28.f3
hxg4 29.hxg4 Be6 30.Kg2 Rbe8 31.Rxe8 Rxe8 32.Qf4 Qf6 33.Qxf6 gxf6 34.f4 d4
35.Kg3 Rc8 36.Nxe6 fxe6 37.Rxe6 Kf7 38.Rd6 c5 39.bxc5 Rxc5 40.Rxd4 a5 41.
f5 Rc3 42.a4 Ra3 43.Kf4 Ra1 44.Ke4 Kg7 45.Kd5 Kh6 46.Kc5 Rb1 47.Rd8 Rb4 
48.Rg8 Rxa4 49.Rg6+ Kh7 50.d4 Ra1 51.Rxf6 a4 52.g5 a3 53.g6+ Kg7 54.Rf7+ 
Kg8 55.Ra7 a2 56.Kd6 Rf1 57.Rxa2 Rxf5 58.d5 Rf6+ 59.Ke5 1-0

[Event "18th Asian-ch"]
[Site "New Delhi IND"]
[Date "2022.10.30"]
[Round "5.14"]
[White "Atabaev, Yusup"]
[Black "Ayush, Sharma"]
[Result "0-1"]
[WhiteElo "2490"]
[BlackElo "2267"]
[EventDate "2022.10.26"]
[PlyCount "58"]

1.e4 c5 2.Nc3 Nc6 3.Nge2 e6 4.d4 d5 5.exd5 exd5 6.dxc5 Bxc5 7.Qxd5 Qe7 8.
Bg5 f6 9.Be3 Bxe3 10.fxe3 Be6 11.Qd2 Rd8 12.Nd4 Bxa2 13.O-O-O Be6 14.Bb5 
Bd7 15.Nd5 Qd6 16.Qe2 Nge7 17.Nf4 Qe5 18.Bc4 Nxd4 19.Rxd4 b5 20.Bb3 Rc8 
21.Rhd1 Bf5 22.Qd2 Qc7 23.h3 Nc6 24.Rd5 Na5 25.Qc3 Nxb3+ 26.Qxb3 Qxc2+ 27.
Qxc2 Rc7 28.Kb1 Rxc2 29.Ka2 Rd2 0-1

[Event "18th Asian-ch"]
[Site "New Delhi IND"]
[Date "2022.10.30"]
[Round "5.15"]
[White "Ajay, Karthikeyan"]
[Black "Shyaamnikhil, P."]
[Result "1/2-1/2"]
[WhiteElo "2441"]
[BlackElo "2489"]
[EventDate "2022.10.26"]
[PlyCount "61"]

1.e4 c5 2.c3 Nf6 3.e5 Nd5 4.Nf3 d6 5.exd6 e6 6.g3 Bxd6 7.Bg2 Nc6 8.O-O O-O
9.d4 cxd4 10.Nxd4 Nxd4 11.Qxd4 Qc7 12.c4 Nb6 13.Nc3 Nxc4 14.Nb5 Qc5 15.
Qxc5 Bxc5 16.b3 Nb6 17.Nc7 Rb8 18.Bf4 Bd7 19.Rfd1 Ba3 20.Bc1 Bxc1 21.Raxc1
Rfc8 22.a4 Bc6 23.Bxc6 Rxc7 24.Bf3 Rxc1 25.Rxc1 Kf8 26.Rc7 Nd5 27.Bxd5 
exd5 28.Kf1 a5 29.Rd7 b6 30.Rxd5 Ke7 31.Ke2 1/2-1/2

[Event "18th Asian-ch"]
[Site "New Delhi IND"]
[Date "2022.10.30"]
[Round "5.16"]
[White "Anuj, Shrivatri"]
[Black "Karthik, Venkataraman"]
[Result "1/2-1/2"]
[WhiteElo "2407"]
[BlackElo "2486"]
[EventDate "2022.10.26"]
[PlyCount "74"]

1.d4 Nf6 2.c4 e6 3.Nf3 Bb4+ 4.Nbd2 O-O 5.a3 Be7 6.e4 d6 7.Be2 Nfd7 8.Nb1 
e5 9.Nc3 exd4 10.Nxd4 Nc6 11.Be3 Bf6 12.O-O Nc5 13.Rb1 Re8 14.f3 Be5 15.b4
Qh4 16.f4 Nxe4 17.Nd5 Bxd4 18.Bxd4 Nxd4 19.Qxd4 Nf6 20.Bd3 Nxd5 21.cxd5 
Bd7 22.Rbc1 Qd8 23.Rf3 f5 24.Rg3 Re7 25.h3 a5 26.b5 b6 27.Rg5 h6 28.Rg3 
Rc8 29.Kh2 Qf8 30.a4 Qf7 31.Rc4 Kf8 32.Rc1 Qh5 33.Bf1 Qh4 34.Bd3 Qh5 35.
Bf1 Qf7 36.Bd3 Kg8 37.Rc4 Kf8 1/2-1/2

[Event "18th Asian-ch"]
[Site "New Delhi IND"]
[Date "2022.10.30"]
[Round "5.17"]
[White "Nitish, Belurkar"]
[Black "Aditya, Mittal"]
[Result "0-1"]
[WhiteElo "2435"]
[BlackElo "2486"]
[EventDate "2022.10.26"]
[PlyCount "88"]

1.e4 c5 2.Nf3 d6 3.d4 cxd4 4.Nxd4 Nf6 5.Nc3 a6 6.Rg1 Nc6 7.g4 h6 8.h3 Nxd4
9.Qxd4 e5 10.Qd3 Be6 11.Bg2 Be7 12.Be3 Qa5 13.a3 b5 14.Bd2 Qc7 15.Nd5 Nxd5
16.exd5 Bd7 17.Be4 Rc8 18.O-O-O Qc4 19.Kb1 Qxd3 20.Bxd3 Bg5 21.h4 Bxh4 22.
f4 Rc5 23.fxe5 dxe5 24.Be4 Rc4 25.Bf3 e4 26.Be2 Rd4 27.Bb4 Bf2 28.Rxd4 
Bxd4 29.Re1 Bf2 30.Rh1 f6 31.b3 Kf7 32.c4 bxc4 33.bxc4 Rb8 34.Ka2 Ba4 35.
Rb1 Bd4 36.Bd1 Bxd1 37.Rxd1 Be5 38.Rd2 e3 39.Rc2 h5 40.c5 h4 41.c6 h3 42.
d6 h2 43.c7 h1=Q 44.cxb8=Q Qd5+ 0-1

[Event "18th Asian-ch"]
[Site "New Delhi IND"]
[Date "2022.10.30"]
[Round "5.18"]
[White "Raahul, V. S."]
[Black "Chanda, Sandipan"]
[Result "0-1"]
[WhiteElo "2333"]
[BlackElo "2474"]
[EventDate "2022.10.26"]
[PlyCount "64"]

1.d4 f5 2.Bg5 h6 3.Bh4 g5 4.e3 Bg7 5.Bg3 c5 6.c3 d5 7.h4 g4 8.h5 Nf6 9.Nd2
O-O 10.Ne2 Nc6 11.Nf4 e5 12.Ng6 cxd4 13.Nxf8 dxe3 14.Ng6 exd2+ 15.Qxd2 Ne4
16.Bh4 Nxd2 17.Bxd8 Nxf1 18.Bh4 f4 19.O-O-O g3 20.Rdxf1 gxf2 21.Bxf2 Bf5 
22.Be1 Be4 23.Rh2 Bf6 24.g3 f3 25.Bd2 Bg5 26.Nh4 Rf8 27.Rhf2 Bxh4 28.Bxh6 
Bxg3 29.Rg1 Kh7 30.Rxg3 Kxh6 31.Kd2 Ne7 32.b3 Rg8 0-1

[Event "18th Asian-ch"]
[Site "New Delhi IND"]
[Date "2022.10.30"]
[Round "5.19"]
[White "Visakh, N. R."]
[Black "Ritviz, Parab"]
[Result "1/2-1/2"]
[WhiteElo "2566"]
[BlackElo "2337"]
[EventDate "2022.10.26"]
[PlyCount "112"]

1.d4 d5 2.c4 e6 3.Nf3 Nf6 4.Nc3 Bb4 5.e3 O-O 6.Bd2 Nbd7 7.Qb3 c5 8.cxd5 
exd5 9.dxc5 a5 10.Be2 Nxc5 11.Qd1 Bg4 12.O-O Ne6 13.h3 Bh5 14.Nb5 Bc5 15.
Qa4 Ne4 16.Rad1 N6g5 17.Nfd4 Bxe2 18.Nxe2 Qb6 19.Bc1 Rfd8 20.Nbc3 Qc6 21.
Qxc6 bxc6 22.Na4 Bf8 23.b3 Ne6 24.Nd4 c5 25.Nxe6 fxe6 26.f3 Nf6 27.Bd2 
Rdb8 28.Rc1 Nd7 29.Rc2 Rb5 30.Rfc1 Bd6 31.e4 Be5 32.Be3 Bd4 33.Bxd4 cxd4 
34.Rc7 Rd8 35.R1c6 dxe4 36.Rxe6 e3 37.Nb2 Nf6 38.Nd3 Nd5 39.Ra7 Nb4 40.
Ree7 Rg5 41.f4 Rf5 42.Rxg7+ Kf8 43.Rxh7 Kg8 44.Rag7+ Kf8 45.Rc7 Kg8 46.Ne5
Rxe5 47.fxe5 Re8 48.Rcg7+ Kf8 49.Rd7 Kg8 50.Rhg7+ Kh8 51.Rh7+ Kg8 52.Rdg7+
Kf8 53.Rf7+ Kg8 54.Rhg7+ Kh8 55.Rh7+ Kg8 56.Rfg7+ Kf8 1/2-1/2

[Event "18th Asian-ch"]
[Site "New Delhi IND"]
[Date "2022.10.30"]
[Round "5.20"]
[White "Iniyan, P."]
[Black "Neelotpal, Das"]
[Result "1/2-1/2"]
[WhiteElo "2541"]
[BlackElo "2400"]
[EventDate "2022.10.26"]
[PlyCount "83"]

1.d4 d5 2.c4 c6 3.Nf3 Nf6 4.Nc3 e6 5.Bg5 Nbd7 6.e3 Qa5 7.Nd2 Bb4 8.Rc1 O-O
9.Bh4 c5 10.a3 Bxc3 11.Rxc3 cxd4 12.exd4 Qb6 13.Nb3 dxc4 14.Bxc4 Nd5 15.
Rg3 Qc6 16.Qg4 g6 17.Bxd5 Qxd5 18.O-O b6 19.Nd2 Bb7 20.Nf3 f6 21.Re1 Rae8 
22.Qf4 Rf7 23.Nd2 e5 24.dxe5 Rxe5 25.Rxe5 Nxe5 26.h3 g5 27.Bxg5 fxg5 28.
Qxg5+ Ng6 29.Qe3 Qc5 30.Qxc5 bxc5 31.Rg4 Bd5 32.Rg5 Rd7 33.Nf1 Kf7 34.Ne3 
Ke6 35.Rh5 c4 36.Kh2 Nf4 37.Rh4 Ke5 38.Ng4+ Kf5 39.Ne3+ Ke5 40.Ng4+ Kf5 
41.Ne3+ Ke5 42.Ng4+ 1/2-1/2

[Event "18th Asian-ch"]
[Site "New Delhi IND"]
[Date "2022.10.30"]
[Round "5.21"]
[White "Moksh Amit, Doshi"]
[Black "Sengupta, Deep"]
[Result "0-1"]
[WhiteElo "2430"]
[BlackElo "2497"]
[EventDate "2022.10.26"]
[PlyCount "94"]

1.d4 d6 2.Nf3 Nf6 3.c4 g6 4.g3 Bg7 5.Bg2 O-O 6.O-O c5 7.d5 e6 8.Nc3 exd5 
9.cxd5 Re8 10.Re1 a6 11.a4 Nbd7 12.e4 Ng4 13.h3 Nge5 14.Nxe5 Nxe5 15.f4 
Nc4 16.Qe2 Na5 17.Be3 f5 18.Rad1 b5 19.axb5 axb5 20.Qxb5 Ba6 21.Qa4 Bc4 
22.Ra1 Qb6 23.Qc2 Rab8 24.Rab1 Nb3 25.exf5 Nd4 26.Qd2 gxf5 27.Kh2 Qa7 28.
g4 Qd7 29.g5 Qf7 30.Qf2 Rb3 31.Bxd4 cxd4 32.Rxe8+ Qxe8 33.Nd1 Be2 34.Qe1 
d3 35.Qd2 Bd4 36.Rc1 Rb8 37.Rc4 Ba7 38.b4 Bb6 39.Kh1 Ra8 40.Kh2 Ra1 41.Rc1
Rxc1 42.Qxc1 h6 43.gxh6 Kh7 44.Qa1 Qh8 45.Qa4 Kxh6 46.Qc6 Qd4 47.Qxd6+ Kh5
0-1

[Event "18th Asian-ch"]
[Site "New Delhi IND"]
[Date "2022.10.30"]
[Round "5.22"]
[White "Amartuvshin, Ganzorig"]
[Black "Suleymenov, Alisher"]
[Result "1-0"]
[WhiteElo "2406"]
[BlackElo "2491"]
[EventDate "2022.10.26"]
[PlyCount "163"]

1.d4 Nf6 2.c4 g6 3.Nc3 d5 4.cxd5 Nxd5 5.e4 Nxc3 6.bxc3 Bg7 7.Be3 c5 8.Rc1 
Qa5 9.Qd2 O-O 10.Nf3 Nd7 11.d5 Nf6 12.c4 Qxd2+ 13.Nxd2 b6 14.f4 e5 15.fxe5
Ng4 16.Bf4 Bxe5 17.Bxe5 Nxe5 18.Be2 Bd7 19.O-O Kg7 20.Rc3 f6 21.h3 h5 22.
Rg3 h4 23.Re3 Rfe8 24.Nf3 Nxf3+ 25.Bxf3 a6 26.Rc1 Kh6 27.Rb3 Reb8 28.Be2 
Kg5 29.Rcb1 Re8 30.d6 Bc6 31.Rxb6 Bxe4 32.R1b2 Re6 33.Rd2 Kf4 34.Bd3 f5 
35.Kf2 g5 36.Bxe4 fxe4 37.Rd5 g4 38.hxg4 e3+ 39.Ke2 Kg3 40.Rb3 Kxg2 41.
Rxe3 Rxe3+ 42.Kxe3 h3 43.Rd2+ Kg3 44.Ke4 Rh8 45.d7 Rd8 46.Kf5 h2 47.Rxh2 
Rxd7 48.Rh6 Rd4 49.g5 Rf4+ 50.Ke5 Rxc4 51.Rxa6 Kg4 52.g6 Kh5 53.Kd5 Rf4 
54.a4 Kh6 55.Ke5 Rf8 56.Kd5 Kg7 57.Kc4 Rf4+ 58.Kb5 Rb4+ 59.Ka5 Rb8 60.Rc6 
c4 61.Ka6 c3 62.Rxc3 Ra8+ 63.Kb5 Rb8+ 64.Kc5 Rc8+ 65.Kb4 Rb8+ 66.Ka3 Kxg6 
67.a5 Rb1 68.Rf3 Re1 69.Kb4 Re4+ 70.Kc5 Re5+ 71.Kb6 Re6+ 72.Kc7 Re7+ 73.
Kd6 Ra7 74.Ra3 Ra6+ 75.Kc5 Kg7 76.Kb5 Rf6 77.a6 Rf5+ 78.Kc6 Rf6+ 79.Kd5 
Rf5+ 80.Ke4 Rf8 81.a7 Ra8 82.Kd5 1-0

[Event "18th Asian-ch"]
[Site "New Delhi IND"]
[Date "2022.10.30"]
[Round "5.23"]
[White "Batchuluun, Tsegmed"]
[Black "Aaryan, Varshney"]
[Result "1/2-1/2"]
[WhiteElo "2487"]
[BlackElo "2312"]
[EventDate "2022.10.26"]
[PlyCount "60"]

1.d4 d5 2.c4 c6 3.Nf3 Nf6 4.e3 Bf5 5.Nc3 e6 6.Nh4 Bg6 7.Qb3 Qc7 8.Nxg6 
hxg6 9.Bd2 Nbd7 10.g3 Be7 11.Rc1 Nb6 12.c5 Nbd7 13.Qc2 e5 14.Bg2 Nf8 15.f4
exd4 16.exd4 Ne6 17.Ne2 O-O 18.O-O Rfe8 19.f5 gxf5 20.Qxf5 Bf8 21.Rce1 Nh7
22.Qd3 g6 23.Nf4 Nxf4 24.Bxf4 Qd7 25.h4 Rxe1 26.Rxe1 Re8 27.Rxe8 Qxe8 28.
Qe3 Qxe3+ 29.Bxe3 f5 30.Kf2 Nf6 1/2-1/2

[Event "18th Asian-ch"]
[Site "New Delhi IND"]
[Date "2022.10.30"]
[Round "5.24"]
[White "Panda, Sambit"]
[Black "Vignesh, N. R."]
[Result "1/2-1/2"]
[WhiteElo "2362"]
[BlackElo "2486"]
[EventDate "2022.10.26"]
[PlyCount "68"]

1.d4 Nf6 2.c4 e6 3.Nc3 Bb4 4.a3 Bxc3+ 5.bxc3 c5 6.f3 d6 7.e4 Nc6 8.Ne2 b6 
9.Bg5 h6 10.Bh4 Qc7 11.d5 Na5 12.Nc1 Ba6 13.Nb3 Bxc4 14.Nxa5 Bxf1 15.Rxf1 
bxa5 16.Qa4+ Qd7 17.Qxa5 g5 18.dxe6 Qxe6 19.Bg3 O-O 20.Kf2 Rab8 21.Kg1 Nh5
22.Rf2 Rb3 23.Rd1 Nxg3 24.hxg3 Qe5 25.Qc7 Qxg3 26.Rxd6 Qf4 27.Qxc5 g4 28.
Rd1 g3 29.Rc2 Qh4 30.Kf1 Qh1+ 31.Qg1 Qxg1+ 32.Kxg1 Rfb8 33.Kf1 Rxa3 34.c4 
Rc8 1/2-1/2

[Event "18th Asian-ch"]
[Site "New Delhi IND"]
[Date "2022.10.30"]
[Round "5.25"]
[White "Krishna Teja, N."]
[Black "Pranesh, Munirethinam"]
[Result "0-1"]
[WhiteElo "2359"]
[BlackElo "2442"]
[EventDate "2022.10.26"]
[PlyCount "72"]

1.e4 e5 2.Nf3 Nc6 3.Bb5 a6 4.Bxc6 dxc6 5.O-O f6 6.d4 exd4 7.Nxd4 Ne7 8.Nc3
Ng6 9.Be3 Bb4 10.Nce2 O-O 11.c3 Bd6 12.f4 Qe8 13.Ng3 c5 14.Nb3 b6 15.Qc2 
Bb7 16.Rae1 Qa4 17.c4 Rfe8 18.e5 fxe5 19.f5 Nf4 20.f6 Qc6 21.Rf3 gxf6 22.
Nd2 Bf8 23.Nde4 f5 24.Nd2 Qd7 25.Bxf4 Bxf3 26.Bg5 Bb7 27.Nxf5 e4 28.Ng3 
Qd3 29.Qc1 Bg7 30.Nf5 Bd4+ 31.Be3 Rf8 32.Bxd4 cxd4 33.Qd1 Kh8 34.Qg4 Rf7 
35.Nxe4 Bxe4 36.Rxe4 Raf8 0-1

[Event "18th Asian-ch"]
[Site "New Delhi IND"]
[Date "2022.10.30"]
[Round "5.26"]
[White "Winkelman, Albert"]
[Black "Srihari, L. R."]
[Result "1-0"]
[WhiteElo "2229"]
[BlackElo "2436"]
[EventDate "2022.10.26"]
[PlyCount "131"]

1.e4 c5 2.Nf3 e6 3.d4 cxd4 4.Nxd4 a6 5.c4 Nf6 6.Nc3 Qc7 7.Be3 Be7 8.Be2 d6
9.O-O b6 10.Qd2 Bb7 11.f3 Nbd7 12.Rfd1 Rc8 13.Rac1 O-O 14.b3 Rfe8 15.Nc2 
b5 16.Nd4 bxc4 17.Bxc4 Qb8 18.Bf1 Bd8 19.b4 Nb6 20.b5 axb5 21.Ndxb5 d5 22.
e5 Qxe5 23.Bf4 Qh5 24.Nd6 Ba8 25.Nxc8 Nxc8 26.Na4 Nb6 27.Bb5 Nbd7 28.g4 
Qh3 29.Bg3 d4 30.Bf1 Ne5 31.Bxh3 Nxf3+ 32.Kf1 Nxd2+ 33.Rxd2 e5 34.Rc8 Bb7 
35.Rb8 Ba6+ 36.Kg1 Nd7 37.Ra8 Bb7 38.Ra7 Bc6 39.Bg2 e4 40.Rxd4 Bxa4 41.
Rdxa4 Bb6+ 42.Kf1 Bxa7 43.Rxa7 Nb6 44.a4 h5 45.gxh5 f5 46.a5 Nd5 47.Rd7 
Ne3+ 48.Kf2 Ng4+ 49.Ke2 Nf6 50.Rb7 Kh7 51.a6 Re6 52.a7 Ra6 53.Bh3 Ra2+ 54.
Ke1 Ra1+ 55.Kd2 Ra2+ 56.Kc1 Kh6 57.Bxf5 Kxh5 58.Bf4 Nd5 59.Rb8 Nxf4 60.
a8=Q Ne2+ 61.Kd1 Nc3+ 62.Ke1 Rxa8 63.Rxa8 Kg5 64.Rc8 Nb5 65.Bxe4 Nd6 66.
Rc5+ 1-0

[Event "18th Asian-ch"]
[Site "New Delhi IND"]
[Date "2022.10.30"]
[Round "5.27"]
[White "Nigmatov, Ortik"]
[Black "Nurmamedov, Azat"]
[Result "1-0"]
[WhiteElo "2433"]
[BlackElo "2382"]
[EventDate "2022.10.26"]
[PlyCount "49"]

1.e4 e6 2.d4 d5 3.Nc3 Bb4 4.e5 c5 5.a3 Bxc3+ 6.bxc3 Qc7 7.Qg4 Ne7 8.Qxg7 
Rg8 9.Qxh7 cxd4 10.Qd3 dxc3 11.Nf3 Nd7 12.Bf4 b6 13.Be2 Bb7 14.Nd4 a6 15.
Bh5 Nf8 16.Rb1 Rc8 17.O-O b5 18.Rbd1 Qc5 19.Qh3 Nfg6 20.Be3 Qc7 21.f4 Nf5 
22.Nxf5 exf5 23.Bd4 Qd7 24.e6 fxe6 25.Bxg6+ 1-0

[Event "18th Asian-ch"]
[Site "New Delhi IND"]
[Date "2022.10.30"]
[Round "5.28"]
[White "Saydaliev, Saidakbar"]
[Black "Yakubboev, Nodirbek"]
[Result "1/2-1/2"]
[WhiteElo "2376"]
[BlackElo "2663"]
[EventDate "2022.10.26"]
[PlyCount "60"]

1.e4 c5 2.Nf3 Nc6 3.Bb5 e6 4.O-O Nge7 5.c3 a6 6.Ba4 b5 7.Bc2 Bb7 8.Re1 Ng6
9.d4 cxd4 10.cxd4 Rc8 11.a3 Na5 12.Bd3 Rxc1 13.Qxc1 Nb3 14.Qc3 Nxa1 15.
Nbd2 Be7 16.Rxa1 O-O 17.g3 Qb6 18.Qb3 Rc8 19.h4 Bd8 20.a4 Qa5 21.Nc4 bxc4 
22.Qxb7 Qc7 23.Qxc7 Rxc7 24.Bf1 d5 25.exd5 exd5 26.b3 cxb3 27.Rb1 Rb7 28.
Bxa6 Rb4 29.Bb5 Ba5 30.Ne1 Rxd4 1/2-1/2

[Event "18th Asian-ch"]
[Site "New Delhi IND"]
[Date "2022.10.30"]
[Round "5.29"]
[White "De Silva, L. M. S. T."]
[Black "Sharan, Rao"]
[Result "1-0"]
[WhiteElo "2516"]
[BlackElo "2350"]
[EventDate "2022.10.26"]
[PlyCount "121"]

1.e4 c6 2.d4 d5 3.e5 Bf5 4.Nd2 h5 5.Nb3 e6 6.Nf3 Nd7 7.Be2 Be7 8.O-O h4 9.
h3 Nh6 10.a4 g5 11.Ne1 Qc7 12.f4 Be4 13.fxg5 Nf5 14.Bh5 Rg8 15.Nd2 Rg7 16.
Nxe4 dxe4 17.Qg4 Nxd4 18.Qxh4 Nf5 19.Rxf5 exf5 20.e6 O-O-O 21.exd7+ Rxd7 
22.Be2 Rd8 23.Qf2 Qe5 24.Bf4 Qxb2 25.Rd1 Rxd1 26.Bxd1 Bxg5 27.Bxg5 Rxg5 
28.h4 Rg8 29.Qxf5+ Kb8 30.Qxe4 Rd8 31.Nd3 Qd4+ 32.Qxd4 Rxd4 33.g3 Rxa4 34.
Bh5 f6 35.Bf7 Rg4 36.Kf2 Rg7 37.Ba2 Kc7 38.Nf4 Kd6 39.h5 b5 40.c3 Ke5 41.
Ne6 Rd7 42.Nd4 c5 43.Nf3+ Kd6 44.h6 c4 45.Nd4 Rh7 46.Bb1 Rh8 47.h7 Kc5 48.
Ke3 a5 49.Ne6+ Kd6 50.Bf5 Ke5 51.g4 b4 52.cxb4 axb4 53.Nf4 Kd6 54.Kd4 c3 
55.Kc4 c2 56.Bxc2 Kc7 57.Kd5 b3 58.Bb1 b2 59.Ke6 Rd8 60.Kxf6 Kd6 61.Ng6 
1-0

[Event "18th Asian-ch"]
[Site "New Delhi IND"]
[Date "2022.10.30"]
[Round "5.30"]
[White "Venkatesh, M. R."]
[Black "Wagh, Suyog"]
[Result "1/2-1/2"]
[WhiteElo "2470"]
[BlackElo "2351"]
[EventDate "2022.10.26"]
[PlyCount "92"]

1.e4 c5 2.Be2 Nc6 3.f4 d5 4.d3 e6 5.Nf3 Bd6 6.O-O Nge7 7.c3 O-O 8.Na3 f6 
9.Nc2 Qc7 10.g3 Rd8 11.Qe1 Bd7 12.Be3 b6 13.Nd2 Rf8 14.Bf3 Be8 15.Qe2 Bf7 
16.Rac1 Qd7 17.a3 Rab8 18.Rfd1 Kh8 19.Bf2 e5 20.f5 d4 21.h4 b5 22.Kh1 a5 
23.g4 a4 24.g5 Bc7 25.Nf1 Na5 26.Nh2 Nb3 27.Rb1 c4 28.Nb4 Nc6 29.g6 Nxb4 
30.axb4 cxd3 31.Rxd3 hxg6 32.Bg4 Qc6 33.Rg1 a3 34.Bf3 gxf5 35.bxa3 Rbe8 
36.Bg2 dxc3 37.Rg3 Qc4 38.Qc2 Nd4 39.Qxc3 f4 40.Rh3 Be6 41.Bxd4 exd4 42.
Qf3 Bf7 43.Qd1 d3 44.Rxd3 Bb6 45.Rf1 Be3 46.Rd7 Qe6 1/2-1/2

[Event "18th Asian-ch"]
[Site "New Delhi IND"]
[Date "2022.10.30"]
[Round "5.31"]
[White "Abdisalimov, Abdimalik"]
[Black "Liyanage Ranindu, Dilshan"]
[Result "1-0"]
[WhiteElo "2457"]
[BlackElo "2310"]
[EventDate "2022.10.26"]
[PlyCount "67"]

1.e4 e5 2.Nf3 Nc6 3.Bb5 a6 4.Ba4 Nf6 5.O-O Nxe4 6.d4 b5 7.Bb3 d5 8.dxe5 
Be6 9.Qe2 Bc5 10.Be3 Qe7 11.a4 b4 12.Rd1 Rd8 13.Qxa6 Bxe3 14.Qxc6+ Bd7 15.
Qxd5 Nxf2 16.Re1 Bc5 17.Kf1 O-O 18.Nbd2 Be6 19.Qc6 Ng4 20.Ne4 Ba7 21.Re2 
Bd4 22.Nxd4 Rxd4 23.Qc5 Qd7 24.h3 Bxb3 25.cxb3 Rd5 26.Qxb4 Nxe5 27.Kg1 Nd3
28.Qc3 Re8 29.Rf1 h6 30.Rf3 Ne5 31.Rfe3 Rd3 32.Nc5 Nf3+ 33.Rxf3 Rd1+ 34.
Kf2 1-0

[Event "18th Asian-ch"]
[Site "New Delhi IND"]
[Date "2022.10.30"]
[Round "5.32"]
[White "Vaishali, R."]
[Black "Manish Anto, Cristiano F."]
[Result "1/2-1/2"]
[WhiteElo "2451"]
[BlackElo "2332"]
[EventDate "2022.10.26"]
[PlyCount "79"]

1.e4 c5 2.Nf3 d6 3.d4 cxd4 4.Nxd4 Nf6 5.Nc3 a6 6.Qd3 e6 7.a4 Nc6 8.Nxc6 
bxc6 9.Qg3 d5 10.Bd3 g6 11.h4 Be7 12.e5 Nh5 13.Qf3 Qc7 14.Qe2 f5 15.Bd2 
Bb7 16.b3 c5 17.Nd1 O-O 18.Rh3 c4 19.bxc4 dxc4 20.Bxc4 Bxg2 21.Bxe6+ Kh8 
22.Rd3 Rad8 23.Bb3 Bxh4 24.Bc3 Nf4 25.e6+ Qxc3+ 26.Nxc3 Nxe2 27.Kxe2 Rxd3 
28.cxd3 Bf6 29.Rg1 Ba8 30.Nd5 Bh4 31.Rc1 Rb8 32.e7 Bxd5 33.Bxd5 Bxe7 34.
Rc7 Rb2+ 35.Ke3 Bg5+ 36.f4 Bh4 37.Rc8+ Kg7 38.Rc7+ Kh8 39.Rc8+ Kg7 40.Rc7+
1/2-1/2